[Event "Madrid ch 2021-2022 Final"]
[Site "Madrid ESP"]
[Date "2022.05.26"]
[Round "2.6"]
[White "Rey Martinez, Jaime"]
[Black "Moreno Ruiz, Javier"]
[Result "0-1"]
[WhiteElo "2055"]
[BlackElo "2422"]
[PlyCount "44"]
[EventDate "2022.05.25"]
[EventType "swiss"]
[EventRounds "7"]
[EventCountry "ESP"]
[SourceTitle "Ajedrez en Madrid"]
[Source "lmi"]
[SourceDate "2022.05.26"]
[SourceVersion "1"]
[SourceVersionDate "2022.05.31"]
[SourceQuality "1"]

1. e4 e6 2. d4 d5 3. Nc3 Bb4 4. Nge2 Nc6 5. a3 Ba5 6. b4 Bb6 7. Bb2 Nh6 8. g3
Qf6 9. Qd3 Ng4 10. f3 Nce5 11. dxe5 Nxe5 12. O-O-O Nxd3+ 13. Rxd3 d4 14. Na4 e5
15. f4 Qh6 16. Kb1 f6 17. c3 Bh3 18. Nxb6 axb6 19. cxd4 Bxf1 20. Rxf1 Qxh2 21.
Nc3 O-O-O 22. Nd5 Qe2 0-1

[Event "Madrid ch 2021-2022 Final"]
[Site "Madrid ESP"]
[Date "2022.05.26"]
[Round "2.7"]
[White "Abbasifar, Hasan"]
[Black "De La Puerta Cresis, Javier"]
[Result "0-1"]
[WhiteElo "2378"]
[BlackElo "2128"]
[PlyCount "23"]
[EventDate "2022.05.25"]
[EventType "swiss"]
[EventRounds "7"]
[EventCountry "ESP"]
[SourceTitle "Ajedrez en Madrid"]
[Source "lmi"]
[SourceDate "2022.05.26"]
[SourceVersion "1"]
[SourceVersionDate "2022.05.31"]
[SourceQuality "1"]

1. e4 c5 2. Nf3 d6 3. d4 cxd4 4. Nxd4 Nf6 5. Nc3 a6 6. f3 e6 7. Be3 b5 8. g4
Bb7 9. Qd2 Nfd7 10. O-O-O Nb6 11. Qf2 N8d7 12. Nb3 0-1

[Event "Madrid ch 2021-2022 Final"]
[Site "Madrid ESP"]
[Date "2022.05.26"]
[Round "2.8"]
[White "Ortega Ruiz, Jose Miguel"]
[Black "Bravo De La Vega, Alvaro"]
[Result "1-0"]
[WhiteElo "2318"]
[BlackElo "2082"]
[PlyCount "99"]
[EventDate "2022.05.25"]
[EventType "swiss"]
[EventRounds "7"]
[EventCountry "ESP"]
[SourceTitle "Ajedrez en Madrid"]
[Source "lmi"]
[SourceDate "2022.05.26"]
[SourceVersion "1"]
[SourceVersionDate "2022.05.31"]
[SourceQuality "1"]

1. d4 Nf6 2. c4 e6 3. Nf3 d5 4. g3 Be7 5. Bg2 O-O 6. O-O c6 7. Nc3 b6 8. Ne5
Bb7 9. e4 dxc4 10. Nxc4 b5 11. Ne3 Qb6 12. e5 Nd5 13. f4 Nxc3 14. bxc3 c5 15.
d5 exd5 16. Nxd5 Bxd5 17. Qxd5 Na6 18. Qd7 Rae8 19. Rb1 b4 20. Be3 Nb8 21. Qg4
Qc7 22. cxb4 cxb4 23. Rbc1 Qa5 24. f5 Qxe5 25. Bxa7 Qf6 26. h4 Nd7 27. Bd4 Ne5
28. Qe4 Bd6 29. Rcd1 Bc7 30. Kh1 Bb8 31. Rfe1 h6 32. Bc5 Nd7 33. Qxe8 Rxe8 34.
Rxe8+ Kh7 35. Bf2 Bd6 36. Bd4 Be5 37. Rxe5 Nxe5 38. Re1 Qa6 39. Bxe5 Qxa2 40.
f6 g6 41. h5 Qf2 42. hxg6+ Kxg6 43. Re4 Qf5 44. Bd4 Qh5+ 45. Kg1 Qd1+ 46. Kh2
Qh5+ 47. Bh3 b3 48. Re5 Qd1 49. Bf5+ Kxf6 50. Rd5+ 1-0

[Event "Madrid ch 2021-2022 Final"]
[Site "Madrid ESP"]
[Date "2022.05.26"]
[Round "2.9"]
[White "Torres Boch, Jose F."]
[Black "Alarcia Astiz, Carlos"]
[Result "1-0"]
[WhiteElo "2134"]
[BlackElo "2273"]
[PlyCount "75"]
[EventDate "2022.05.25"]
[EventType "swiss"]
[EventRounds "7"]
[EventCountry "ESP"]
[SourceTitle "Ajedrez en Madrid"]
[Source "lmi"]
[SourceDate "2022.05.26"]
[SourceVersion "1"]
[SourceVersionDate "2022.05.31"]
[SourceQuality "1"]

1. e4 c6 2. d4 d5 3. Nd2 dxe4 4. Nxe4 Bf5 5. Ng3 Bg6 6. h4 h6 7. Nf3 Nd7 8. h5
Bh7 9. Bd3 Bxd3 10. Qxd3 e6 11. Bd2 Qc7 12. O-O-O O-O-O 13. Ne4 Ngf6 14. g3
Nxe4 15. Qxe4 Bd6 16. c4 Nf6 17. Qe2 c5 18. Bc3 cxd4 19. Nxd4 a6 20. Kb1 Bc5
21. Nb3 Qc6 22. Rc1 Rd7 23. Nxc5 Qxc5 24. g4 Rhd8 25. Rh3 Qc6 26. c5 Nd5 27.
Be5 f6 28. Bd6 e5 29. Rb3 Nc7 30. Rb6 Qa4 31. Qf3 Nb5 32. b3 Qd4 33. Rxa6 Nxd6
34. Ra8+ Kc7 35. cxd6+ Kb6 36. Ra4 Qxd6 37. Qe3+ Kb5 38. Qa7 1-0

[Event "Madrid ch 2021-2022 Final"]
[Site "Madrid ESP"]
[Date "2022.05.26"]
[Round "2.10"]
[White "Garcia Dorado, Alberto"]
[Black "Vaquerizo Calvo, Miguel Arturo"]
[Result "1-0"]
[WhiteElo "2220"]
[BlackElo "2057"]
[PlyCount "65"]
[EventDate "2022.05.25"]
[EventType "swiss"]
[EventRounds "7"]
[EventCountry "ESP"]
[SourceTitle "Ajedrez en Madrid"]
[Source "lmi"]
[SourceDate "2022.05.26"]
[SourceVersion "1"]
[SourceVersionDate "2022.05.31"]
[SourceQuality "1"]

1. Nf3 Nc6 2. d4 d5 3. Bf4 Bg4 4. e3 e6 5. c4 Nf6 6. Nc3 Bb4 7. Rc1 O-O 8. h3
Bh5 9. cxd5 Nxd5 10. Bh2 Qe7 11. Be2 Rfd8 12. O-O Nxc3 13. bxc3 Bd6 14. c4
Bxh2+ 15. Kxh2 e5 16. d5 e4 17. Nd4 Bxe2 18. Nxe2 Ne5 19. Qb3 Nd3 20. Rb1 b6
21. Nd4 Rd6 22. f4 Rg6 23. g3 Nc5 24. Qc2 Qd7 25. g4 h5 26. gxh5 Rh6 27. Qe2 g6
28. Rg1 Kh8 29. Rg5 Rg8 30. Rbg1 Rf8 31. Qg2 Rg8 32. Nf5 Rh7 33. Qb2+ 1-0

[Event "Madrid ch 2021-2022 Final"]
[Site "Madrid ESP"]
[Date "2022.05.26"]
[Round "2.11"]
[White "Horcajuelo Rocamora, Martin"]
[Black "Bello Burguet, Glenier Lazaro"]
[Result "0-1"]
[WhiteElo "2126"]
[BlackElo "1993"]
[PlyCount "124"]
[EventDate "2022.05.25"]
[EventType "swiss"]
[EventRounds "7"]
[EventCountry "ESP"]
[SourceTitle "Ajedrez en Madrid"]
[Source "lmi"]
[SourceDate "2022.05.26"]
[SourceVersion "1"]
[SourceVersionDate "2022.05.31"]
[SourceQuality "1"]

1. d4 Nf6 2. c4 e6 3. Nf3 d5 4. Nc3 Bb4 5. Qa4+ Nc6 6. e3 O-O 7. Bd2 Bd7 8. Qc2
Re8 9. cxd5 exd5 10. Be2 Bg4 11. O-O Qd7 12. a3 Bxc3 13. bxc3 Bxf3 14. Bxf3 Na5
15. Be2 Ne4 16. Rab1 c6 17. Bd3 h6 18. f3 Nxd2 19. Qxd2 Qe7 20. Kf2 Qxa3 21.
Ra1 Nb3 22. Rxa3 Nxd2 23. Rd1 Nc4 24. Bxc4 dxc4 25. Ra4 b5 26. Ra6 Rec8 27.
Rda1 Rc7 28. Ke2 Kf8 29. e4 Ke7 30. R1a5 Kd7 31. Kd2 Kc8 32. Kc2 Kb7 33. Kb2 f6
34. Ka3 c5 35. dxc5 Rxc5 36. Kb4 Rg5 37. g4 h5 38. h3 hxg4 39. hxg4 Re5 40. Rd6
a6 41. Rd7+ Kb6 42. Rd6+ Kb7 43. Ra2 Re7 44. Rad2 Rc8 45. Ka5 Rc6 46. Rd8 Rec7
47. Rg8 g5 48. Rf8 b4 49. Rdd8 Rc8 50. Rxc8 Rxc8 51. Rxc8 Kxc8 52. Kxb4 Kc7 53.
Kxc4 Kc6 54. Kb4 Kb6 55. c4 Kc6 56. Ka5 Kc5 57. Kxa6 Kxc4 58. Kb6 Kd4 59. Kc6
Ke3 60. Kd6 Kxf3 61. Ke6 Kxe4 62. Kxf6 Kf4 0-1

[Event "Madrid ch 2021-2022 Final"]
[Site "Madrid ESP"]
[Date "2022.05.26"]
[Round "2.12"]
[White "Tenorio Garcia, Joel"]
[Black "Rodriguez Melendez, Juan Humbert"]
[Result "1-0"]
[WhiteElo "2027"]
[BlackElo "2098"]
[PlyCount "51"]
[EventDate "2022.05.25"]
[EventType "swiss"]
[EventRounds "7"]
[EventCountry "ESP"]
[SourceTitle "Ajedrez en Madrid"]
[Source "lmi"]
[SourceDate "2022.05.26"]
[SourceVersion "1"]
[SourceVersionDate "2022.05.31"]
[SourceQuality "1"]

1. e4 c5 2. Nf3 e6 3. d4 cxd4 4. Nxd4 Nc6 5. Nxc6 bxc6 6. Bd3 d5 7. Nc3 Nf6 8.
O-O Be7 9. Qe2 O-O 10. Rd1 a5 11. b3 Qc7 12. Bb2 Qa7 13. Na4 c5 14. c4 dxe4 15.
Bxe4 Nxe4 16. Qxe4 Bd7 17. Qg4 f6 18. Nb6 Qxb6 19. Rxd7 Rfe8 20. Re1 Ra6 21.
Qh5 Raa8 22. Qg4 Ra6 23. Red1 Qc6 24. h4 Raa8 25. R1d3 h5 26. Qg6 1-0

[Event "Madrid ch 2021-2022 Final"]
[Site "Madrid ESP"]
[Date "2022.05.26"]
[Round "2.13"]
[White "Neagu, Roberto Florin"]
[Black "Centeno Mendoza, Julio Stefano"]
[Result "1-0"]
[WhiteElo "2076"]
[BlackElo "2050"]
[PlyCount "57"]
[EventDate "2022.05.25"]
[EventType "swiss"]
[EventRounds "7"]
[EventCountry "ESP"]
[SourceTitle "Ajedrez en Madrid"]
[Source "lmi"]
[SourceDate "2022.05.26"]
[SourceVersion "1"]
[SourceVersionDate "2022.05.31"]
[SourceQuality "1"]

1. c4 e6 2. Nc3 d5 3. e3 Nf6 4. Nf3 Be7 5. b3 c5 6. d4 O-O 7. Bb2 Nc6 8. Bd3 b6
9. O-O Bb7 10. dxc5 Bxc5 11. cxd5 Nxd5 12. Nxd5 Qxd5 13. Qb1 Qh5 14. Be4 f5 15.
Bd3 Bd6 16. h3 Nb4 17. Be2 Qg6 18. a3 Nc6 19. Qe1 e5 20. Rd1 Rad8 21. h4 h6 22.
g3 e4 23. h5 Qxh5 24. Nd4 Qg6 25. Bc4+ Kh8 26. Ne6 Rc8 27. Rxd6 Rg8 28. Nd8
Qxd6 29. Nf7+ 1-0

[Event "Madrid ch 2021-2022 Final"]
[Site "Madrid ESP"]
[Date "2022.05.26"]
[Round "2.14"]
[White "Ruiz Vazquez, Javier"]
[Black "Barez Menendez, Hector"]
[Result "0-1"]
[WhiteElo "1960"]
[BlackElo "2066"]
[PlyCount "178"]
[EventDate "2022.05.25"]
[EventType "swiss"]
[EventRounds "7"]
[EventCountry "ESP"]
[SourceTitle "Ajedrez en Madrid"]
[Source "lmi"]
[SourceDate "2022.05.26"]
[SourceVersion "1"]
[SourceVersionDate "2022.05.31"]
[SourceQuality "1"]

1. e4 e5 2. Nf3 Nf6 3. Nxe5 d6 4. Nf3 Nxe4 5. Nc3 Nxc3 6. dxc3 Be7 7. Be3 Nc6
8. Bb5 O-O 9. Qd2 Ne5 10. O-O-O Ng4 11. Bf4 c6 12. Bd3 Qa5 13. a3 Bf5 14. Bxf5
Qxf5 15. Rhe1 Rfe8 16. h3 Nf6 17. g4 Qd5 18. Qxd5 Nxd5 19. Bh2 Bf8 20. Nd4 g6
21. Nb3 Bh6+ 22. Kb1 Bf4 23. Rxe8+ Rxe8 24. Bxf4 Nxf4 25. Rxd6 Nxh3 26. f3 Re1+
27. Ka2 Re7 28. Nc5 Ng5 29. f4 Ne4 30. Rd8+ Kg7 31. Nd3 h5 32. gxh5 gxh5 33.
Ne5 Nc5 34. Rd2 f6 35. Rg2+ Kh7 36. Ng6 Rg7 37. f5 Ne4 38. Rh2 Ng3 39. Nh4 Rg5
40. Rf2 Rg4 41. Ng6 h4 42. Rg2 h3 43. Rh2 Nxf5 44. Nf8+ Kg7 45. Ne6+ Kf7 46.
Nd8+ Ke7 47. Nxb7 Rg3 48. Nc5 Nh6 49. Ne4 Ng4 50. Nxg3 Nxh2 51. Kb3 Ke6 52. Kc4
f5 53. Kd4 f4 54. Ne4 Nf3+ 55. Kd3 h2 56. Nf2 Kf5 57. Ke2 Ne5 58. Nh1 Nc4 59.
b3 Nxa3 60. Kf3 Nxc2 61. Kg2 Ne3+ 62. Kxh2 Nd1 63. c4 Ke4 64. Kg2 Ke3 65. Kf1
Kd3 66. Ke1 Kc2 67. b4 a6 68. Ke2 Nb2 69. b5 cxb5 70. cxb5 axb5 71. Nf2 b4 72.
Ne4 Nc4 73. Nc5 Ne5 74. Ne6 f3+ 75. Ke3 Kc3 76. Nc5 b3 77. Ne4+ Kc2 78. Nd6 b2
79. Nb5 b1=Q 80. Na3+ Kc1 81. Nxb1 Kxb1 82. Kf2 Kc2 83. Ke3 Kd1 84. Kf2 Kd2 85.
Kg1 Ke1 86. Kh1 Nc6 87. Kh2 f2 88. Kg2 f1=Q+ 89. Kh2 Qf7 0-1

[Event "Madrid ch 2021-2022 Final"]
[Site "Madrid ESP"]
[Date "2022.05.26"]
[Round "2.15"]
[White "Perdomo Araujo, Angel Eduardo"]
[Black "Gueler Berdasco, Martin"]
[Result "1-0"]
[WhiteElo "2065"]
[BlackElo "1946"]
[PlyCount "79"]
[EventDate "2022.05.25"]
[EventType "swiss"]
[EventRounds "7"]
[EventCountry "ESP"]
[SourceTitle "Ajedrez en Madrid"]
[Source "lmi"]
[SourceDate "2022.05.26"]
[SourceVersion "1"]
[SourceVersionDate "2022.05.31"]
[SourceQuality "1"]

1. e4 c5 2. Nf3 d6 3. d4 cxd4 4. Nxd4 Nf6 5. Nc3 a6 6. Bg5 e6 7. Qe2 Be7 8.
O-O-O Qc7 9. g4 b5 10. a3 Bb7 11. Bg2 Nxe4 12. Bxe4 Bxg5+ 13. Kb1 O-O 14. h4
Bf6 15. g5 Bxd4 16. Rxd4 d5 17. Bg2 Nc6 18. Rdd1 Ne5 19. h5 Nc4 20. Rh3 Rae8
21. Qg4 Bc8 22. Qh4 Qc5 23. h6 g6 24. Qf4 Qd6 25. Qc1 Qc5 26. Qf4 Qd6 27. Qc1
Qb8 28. Rh4 b4 29. Rxc4 dxc4 30. Ne4 f5 31. Nd6 bxa3 32. Nxc4 axb2 33. Qe3 Rd8
34. Rd4 Qc7 35. Nxb2 Rxd4 36. Qxd4 Rd8 37. Qf6 e5 38. Nc4 Rf8 39. Bd5+ Qf7 40.
Qg7# 1-0

[Event "Madrid ch 2021-2022 Final"]
[Site "Madrid ESP"]
[Date "2022.05.27"]
[Round "3.1"]
[White "Longa Yauca, Javier"]
[Black "Suarez Uriel, Adrian"]
[Result "0-1"]
[WhiteElo "2259"]
[BlackElo "2370"]
[PlyCount "100"]
[EventDate "2022.05.25"]
[EventType "swiss"]
[EventRounds "7"]
[EventCountry "ESP"]
[SourceTitle "Ajedrez en Madrid"]
[Source "lmi"]
[SourceDate "2022.05.26"]
[SourceVersion "1"]
[SourceVersionDate "2022.05.31"]
[SourceQuality "1"]

1. c4 Nf6 2. Nc3 e5 3. d3 Bc5 4. g3 Nc6 5. Bg2 a6 6. e3 h5 7. h3 d6 8. Nge2 Ba7
9. d4 Bf5 10. Nd5 exd4 11. exd4 Nxd5 12. cxd5 Ne7 13. Bg5 Qd7 14. Rc1 O-O-O 15.
Qd2 Rde8 16. Be3 Ng8 17. Nc3 Nf6 18. a4 Ne4 19. Nxe4 Bxe4 20. Bxe4 Rxe4 21. O-O
Qxa4 22. Rfd1 Rhe8 23. Ra1 Qb3 24. Ra3 Qxd5 25. Ra5 Qe6 26. Rxh5 g6 27. Rh7 Qf5
28. Kg2 Bb6 29. Qd3 Kb8 30. b3 Qd5 31. Qc4 Qxc4 32. bxc4 R8e7 33. Kf3 a5 34. h4
c5 35. Rb1 Ka7 36. Bg5 Re8 37. dxc5 dxc5 38. Rxf7 Rxc4 39. Bd2 Re6 40. Bxa5
Bxa5 41. Rfxb7+ Ka6 42. Rb8 Bb6 43. Ra8+ Kb7 44. Rf8 Rb4 45. Rc1 c4 46. Rf4 Rc6
47. g4 Rb3+ 48. Kg2 c3 49. Rf3 Bd4 50. Rd3 Rb4 0-1

[Event "Madrid ch 2021-2022 Final"]
[Site "Madrid ESP"]
[Date "2022.05.27"]
[Round "3.2"]
[White "Moreno Ruiz, Javier"]
[Black "Ruiz Buendia, Miguel"]
[Result "1-0"]
[WhiteElo "2422"]
[BlackElo "2162"]
[PlyCount "45"]
[EventDate "2022.05.25"]
[EventType "swiss"]
[EventRounds "7"]
[EventCountry "ESP"]
[SourceTitle "Ajedrez en Madrid"]
[Source "lmi"]
[SourceDate "2022.05.26"]
[SourceVersion "1"]
[SourceVersionDate "2022.05.31"]
[SourceQuality "1"]

1. e4 c5 2. Be2 Nc6 3. f4 g6 4. Nf3 Bg7 5. O-O d6 6. d3 Nf6 7. Qe1 Bg4 8. Nbd2
e5 9. fxe5 dxe5 10. c3 O-O 11. Qh4 Qe7 12. Nc4 b5 13. Na3 b4 14. Nc4 Bxf3 15.
Rxf3 Nd7 16. Qxe7 Nxe7 17. Be3 Nc6 18. Bd1 bxc3 19. bxc3 Rac8 20. Bb3 Nd8 21.
Raf1 Nb7 22. Bg5 Rfe8 23. Rxf7 1-0

[Event "Madrid ch 2021-2022 Final"]
[Site "Madrid ESP"]
[Date "2022.05.27"]
[Round "3.3"]
[White "Candela Perez, Jose"]
[Black "Torres Boch, Jose F."]
[Result "0-1"]
[WhiteElo "2336"]
[BlackElo "2134"]
[PlyCount "68"]
[EventDate "2022.05.25"]
[EventType "swiss"]
[EventRounds "7"]
[EventCountry "ESP"]
[SourceTitle "Ajedrez en Madrid"]
[Source "lmi"]
[SourceDate "2022.05.26"]
[SourceVersion "1"]
[SourceVersionDate "2022.05.31"]
[SourceQuality "1"]

1. d4 Nf6 2. c4 e6 3. Nf3 b6 4. a3 Bb7 5. Nc3 d5 6. cxd5 Nxd5 7. Qc2 Nxc3 8.
bxc3 c5 9. e4 Nd7 10. Bb5 a6 11. Bd3 Qc7 12. Qb1 Be7 13. O-O O-O 14. Be3 Rfd8
15. Nd2 Rac8 16. a4 h6 17. f4 cxd4 18. cxd4 Qc3 19. Rc1 Qb4 20. Qa2 Nc5 21.
dxc5 Rxd3 22. Rc4 Bxc5 23. Rxb4 Rxe3 24. Kh1 Bxb4 25. Nc4 Rxe4 26. Nxb6 Rd8 27.
Qc2 Red4 28. Rg1 Bd6 29. Rd1 Bxf4 30. Rxd4 Rxd4 31. Kg1 Be3+ 32. Kf1 Rf4+ 33.
Ke1 Bxb6 34. Qb2 Ba5+ 0-1

[Event "Madrid ch 2021-2022 Final"]
[Site "Madrid ESP"]
[Date "2022.05.27"]
[Round "3.4"]
[White "Bello Burguet, Glenier Lazaro"]
[Black "Ortega Ruiz, Jose Miguel"]
[Result "1-0"]
[WhiteElo "1993"]
[BlackElo "2318"]
[PlyCount "69"]
[EventDate "2022.05.25"]
[EventType "swiss"]
[EventRounds "7"]
[EventCountry "ESP"]
[SourceTitle "Ajedrez en Madrid"]
[Source "lmi"]
[SourceDate "2022.05.26"]
[SourceVersion "1"]
[SourceVersionDate "2022.05.31"]
[SourceQuality "1"]

1. Nf3 Nc6 2. d4 d5 3. Bf4 Bf5 4. e3 a6 5. c4 e6 6. Nc3 Nf6 7. a3 Bd6 8. Bg5
Be7 9. Bxf6 gxf6 10. cxd5 exd5 11. Nh4 Be6 12. Bd3 Qd7 13. Qc2 O-O-O 14. f4 Qd6
15. f5 Bd7 16. b4 Bf8 17. b5 Nb8 18. bxa6 Nxa6 19. Qb3 Bh6 20. Rb1 Bc6 21. Nb5
Qd7 22. Na7+ Kb8 23. Nxc6+ Qxc6 24. Kf2 Rhe8 25. Rhe1 Re7 26. g3 Ka7 27. Ng2
Rb8 28. Rec1 Qe8 29. Bb5 Qc8 30. Bxa6 Qxf5+ 31. Nf4 Bxf4 32. gxf4 Rxe3 33. Qxe3
bxa6 34. Rb4 c6 35. Qd2 1-0

[Event "Madrid ch 2021-2022 Final"]
[Site "Madrid ESP"]
[Date "2022.05.27"]
[Round "3.6"]
[White "Martinez Fernandez, Raul"]
[Black "Simonyan, Arturo"]
[Result "1/2-1/2"]
[WhiteElo "2204"]
[BlackElo "1895"]
[PlyCount "114"]
[EventDate "2022.05.25"]
[EventType "swiss"]
[EventRounds "7"]
[EventCountry "ESP"]
[SourceTitle "Ajedrez en Madrid"]
[Source "lmi"]
[SourceDate "2022.05.26"]
[SourceVersion "1"]
[SourceVersionDate "2022.05.31"]
[SourceQuality "1"]

1. e4 c5 2. Nf3 d6 3. d4 cxd4 4. Nxd4 Nf6 5. Nc3 a6 6. h3 e6 7. g4 Be7 8. g5
Nfd7 9. h4 b5 10. a3 Bb7 11. Be3 Nc6 12. Qd2 b4 13. Nxc6 bxc3 14. Qxc3 Bxc6 15.
Qxc6 O-O 16. Bxa6 Ne5 17. Qb5 Rb8 18. Qe2 Rxb2 19. O-O Qc7 20. Rfc1 Qc3 21. Bd3
Ra8 22. a4 Qb4 23. f4 Nxd3 24. Qxd3 Rxa4 25. Rxa4 Qxa4 26. Bd4 Rb4 27. Ra1 Qc6
28. Ra6 Qc4 29. Ra8+ Bf8 30. Qxc4 Rxc4 31. c3 f6 32. gxf6 gxf6 33. Bxf6 Kf7 34.
Bd4 e5 35. Ra7+ Kg8 36. fxe5 dxe5 37. Bf2 Rxc3 38. Kg2 Bh6 39. Ra5 Bf4 40. h5
Kg7 41. Ra6 Rd3 42. Rc6 Rb3 43. Bc5 Rg3+ 44. Kf2 Rh3 45. Rc7+ Kh6 46. Bf8+ Kxh5
47. Rxh7+ Kg4 48. Rg7+ Bg5 49. Be7 Rh2+ 50. Ke1 Rh5 51. Bxg5 Rxg5 52. Rf7 Rh5
53. Kd2 Rh3 54. Ke2 Rh2+ 55. Kd3 Rh3+ 56. Kc4 Rg3 57. Rh7 Ra3 1/2-1/2

[Event "Madrid ch 2021-2022 Final"]
[Site "Madrid ESP"]
[Date "2022.05.27"]
[Round "3.7"]
[White "Barez Menendez, Hector"]
[Black "Almagro Llamas, Pablo"]
[Result "1/2-1/2"]
[WhiteElo "2066"]
[BlackElo "2404"]
[PlyCount "65"]
[EventDate "2022.05.25"]
[EventType "swiss"]
[EventRounds "7"]
[EventCountry "ESP"]
[SourceTitle "Ajedrez en Madrid"]
[Source "lmi"]
[SourceDate "2022.05.26"]
[SourceVersion "1"]
[SourceVersionDate "2022.05.31"]
[SourceQuality "1"]

1. d4 Nf6 2. Nf3 g6 3. g3 b6 4. Bg2 Bb7 5. O-O Bg7 6. c4 O-O 7. b3 c5 8. Bb2 e6
9. e3 Qe7 10. Qe2 d6 11. Nc3 Nbd7 12. Rad1 Rfd8 13. e4 cxd4 14. Nxd4 a6 15.
Rfe1 Rac8 16. Kh1 Nc5 17. Ba1 Qc7 18. Nc2 Qb8 19. Rd2 b5 20. b4 Na4 21. Nxa4
bxa4 22. e5 dxe5 23. Rxd8+ Rxd8 24. Bxe5 Qa8 25. Bxb7 Qxb7+ 26. Kg1 h5 27. h3
Rc8 28. a3 Qc6 29. c5 a5 30. Bf4 axb4 31. Nxb4 Qa8 32. c6 Nd5 33. Nxd5 1/2-1/2

[Event "Madrid ch 2021-2022 Final"]
[Site "Madrid ESP"]
[Date "2022.05.27"]
[Round "3.8"]
[White "Martin Duque, Jesus"]
[Black "Neagu, Roberto Florin"]
[Result "1-0"]
[WhiteElo "2391"]
[BlackElo "2076"]
[PlyCount "48"]
[EventDate "2022.05.25"]
[EventType "swiss"]
[EventRounds "7"]
[EventCountry "ESP"]
[SourceTitle "Ajedrez en Madrid"]
[Source "lmi"]
[SourceDate "2022.05.26"]
[SourceVersion "1"]
[SourceVersionDate "2022.05.31"]
[SourceQuality "1"]

1. Nf3 Nf6 2. c4 c5 3. Nc3 e6 4. g3 b6 5. Bg2 Bb7 6. O-O Be7 7. d4 cxd4 8. Qxd4
Nc6 9. Qf4 a6 10. Rd1 d6 11. b3 O-O 12. Ba3 d5 13. cxd5 exd5 14. Bxe7 Nxe7 15.
Ne5 Qc8 16. Rac1 Qe6 17. Nf3 Ng6 18. Qc7 Rac8 19. Qxb7 Rb8 20. Ng5 Rxb7 21.
Nxe6 fxe6 22. e4 Rc8 23. exd5 Rbc7 24. dxe6 Nf8 1-0

[Event "Madrid ch 2021-2022 Final"]
[Site "Madrid ESP"]
[Date "2022.05.27"]
[Round "3.9"]
[White "Rottenwohrer Suarez, Juan"]
[Black "Perdomo Araujo, Angel Eduardo"]
[Result "0-1"]
[WhiteElo "2256"]
[BlackElo "2065"]
[PlyCount "128"]
[EventDate "2022.05.25"]
[EventType "swiss"]
[EventRounds "7"]
[EventCountry "ESP"]
[SourceTitle "Ajedrez en Madrid"]
[Source "lmi"]
[SourceDate "2022.05.26"]
[SourceVersion "1"]
[SourceVersionDate "2022.05.31"]
[SourceQuality "1"]

1. d4 Nf6 2. c4 g6 3. g3 Bg7 4. Bg2 d5 5. cxd5 Nxd5 6. Nf3 O-O 7. O-O Nc6 8.
Nc3 Nb6 9. d5 Ne5 10. Nd4 Nec4 11. e3 Nd6 12. a4 Nf5 13. a5 Nc4 14. Nde2 e5 15.
Qc2 Ncd6 16. b3 Bd7 17. Ba3 Re8 18. Rfd1 h5 19. Rac1 Rc8 20. Na4 b6 21. Qd2 Nb7
22. Bb4 Nbd6 23. e4 Nd4 24. Nxd4 exd4 25. axb6 axb6 26. Bxd6 cxd6 27. Rxc8 Bxc8
28. Qb4 Ba6 29. Nxb6 Be2 30. Rd2 d3 31. Bf1 Qc7 32. Nc4 Rxe4 33. Ra2 h4 34. Qe1
hxg3 35. hxg3 Bf3 36. Qd2 Rd4 37. Qg5 Rxd5 38. Qe3 Be2 39. Ra7 Qd8 40. Qe4 Rd4
41. Qb7 Qf6 42. Qc8+ Kh7 43. Qh3+ Bh6 44. Qd7 Bxf1 45. Kxf1 d2 46. Nxd2 Rxd2
47. Qxf7+ Qxf7 48. Rxf7+ Kg8 49. Rd7 Bf8 50. b4 Rb2 51. Rb7 Bg7 52. f4 Bc3 53.
b5 Bd4 54. Rd7 Bc5 55. Rb7 d5 56. Rd7 d4 57. Rb7 Kf8 58. g4 Ke8 59. f5 gxf5 60.
gxf5 d3 61. Rb8+ Ke7 62. f6+ Kd7 63. Rb7+ Kc8 64. Re7 Bxe7 0-1

[Event "Madrid ch 2021-2022 Final"]
[Site "Madrid ESP"]
[Date "2022.05.27"]
[Round "3.10"]
[White "Alarcia Astiz, Carlos"]
[Black "Tenorio Garcia, Joel"]
[Result "1-0"]
[WhiteElo "2273"]
[BlackElo "2027"]
[PlyCount "85"]
[EventDate "2022.05.25"]
[EventType "swiss"]
[EventRounds "7"]
[EventCountry "ESP"]
[SourceTitle "Ajedrez en Madrid"]
[Source "lmi"]
[SourceDate "2022.05.26"]
[SourceVersion "1"]
[SourceVersionDate "2022.05.31"]
[SourceQuality "1"]

1. e4 e5 2. Nf3 Nc6 3. Bc4 Bc5 4. O-O d6 5. c3 Nf6 6. d3 a6 7. b4 Ba7 8. Nbd2
h6 9. Bb3 g5 10. Nc4 g4 11. Ne1 h5 12. Be3 h4 13. Bxa7 Nxa7 14. f4 exf4 15.
Rxf4 Nh5 16. Rf1 Be6 17. Ne3 Qg5 18. N1c2 Rg8 19. Nf5 Nc6 20. d4 Nf4 21. d5
Bxf5 22. dxc6 Bxe4 23. Qe1 d5 24. Rxf4 Qxf4 25. cxb7 Rd8 26. Bxd5 f5 27. Bxg8
g3 28. h3 Kf8 29. Bb3 Bxb7 30. Nd4 Rxd4 31. cxd4 Qxd4+ 32. Kh1 Qb2 33. Qf1
Bxg2+ 34. Qxg2 Qxa1+ 35. Qg1 Qxg1+ 36. Kxg1 Ke7 37. Bc4 Kd6 38. Bxa6 c5 39.
bxc5+ Kxc5 40. Bc8 f4 41. Kg2 Kb4 42. Bb7 Ka3 43. Bd5 1-0

[Event "Madrid ch 2021-2022 Final"]
[Site "Madrid ESP"]
[Date "2022.05.27"]
[Round "3.11"]
[White "Bravo De La Vega, Alvaro"]
[Black "Rey Martinez, Jaime"]
[Result "1-0"]
[WhiteElo "2082"]
[BlackElo "2055"]
[PlyCount "63"]
[EventDate "2022.05.25"]
[EventType "swiss"]
[EventRounds "7"]
[EventCountry "ESP"]
[SourceTitle "Ajedrez en Madrid"]
[Source "lmi"]
[SourceDate "2022.05.26"]
[SourceVersion "1"]
[SourceVersionDate "2022.05.31"]
[SourceQuality "1"]

1. c4 c5 2. Nc3 Nc6 3. g3 g6 4. Bg2 Bg7 5. e4 e6 6. Nge2 Nge7 7. O-O a6 8. d3
Nd4 9. Be3 Nec6 10. f4 d6 11. Rb1 O-O 12. a3 a5 13. h3 a4 14. Bf2 Bd7 15. Nxd4
Nxd4 16. Ne2 Bc6 17. Bxd4 cxd4 18. Qd2 Qb6 19. f5 Rfe8 20. f6 Bf8 21. h4 Rad8
22. h5 d5 23. hxg6 hxg6 24. c5 Qc7 25. Qg5 e5 26. Qh4 dxe4 27. Rf5 exd3 28. Rh5
Bg7 29. Rh6 Bxg2 30. fxg7 Kxg7 31. Rh7+ Kf8 32. Qf6 1-0